| 000 | 00941cam a2200205K 4500 | ||
|---|---|---|---|
| 082 |
_a621.31913 _bMAY _cL-tech, P-60 |
||
| 100 | 1 |
_aMaycock, W. Perren _941360 |
|
| 245 | 1 | 0 |
_aAlternating-current work _bAn introductory book for engineers and students. _cBy W. Perren Maycock ... An enlargement of, and an improvement upon the author's former work "The alternating-current circuit and motor" ... |
| 250 | _a2nd ed. | ||
| 260 |
_aLondon, _bWhittaker & Co., _c1915. |
||
| 300 |
_a1 online resource (xxiii (i), 415(1) p.) _billus. (incl. diagr.) |
||
| 526 |
_a0 _b0 _c0 _d621_319130000000000_MAY |
||
| 650 | 4 |
_aDynamo (Alternating current), 1915. _941361 |
|
| 650 | 4 |
_aElectricity _xCurrents (Alternating), 1915. _941362 |
|
| 650 | 4 |
_aMCE _9379 |
|
| 650 | 4 |
_aMotor (Electric) _xAlternating current, 1915. _941363 |
|
| 650 | 4 |
_aTransformers, 1915. _941364 |
|
| 856 | 4 | 0 | _uhttp://catalog.hathitrust.org/api/volumes/oclc/40003299.html |
| 942 |
_2ddc _cBK |
||
| 999 |
_c545542 _d545542 |
||